Central Library OPAC University of Rajshahi

The things which belong / (Record no. 22358)

MARC details
000 -LEADER
fixed length control field 00665nam a2200229u 4500
001 - CONTROL NUMBER
control field 22358
003 - CONTROL NUMBER IDENTIFIER
rucl marc code BD-RjUL
005 - DATE AND TIME OF LATEST TRANSACTION
control field 20211209000810.0
008 - FIXED-LENGTH DATA ELEMENTS--GENERAL INFORMATION
fixed length control field 140308r19491925enk 000 1 eng
035 ## - SYSTEM CONTROL NUMBER
System control number (BD-RjUL)22423
040 ## - CATALOGING SOURCE
Original cataloging agency DLC
Transcribing agency CarP
Modifying agency DLC
-- BD-RjUL
Language of cataloging eng
041 ## - LANGUAGE CODE
Language code of text/sound track or separate title eng
082 ## - DEWEY DECIMAL CLASSIFICATION NUMBER
Classification number 823
Author mark and year HOT 1949
100 1# - MAIN ENTRY--PERSONAL NAME
Personal name Holme, Constance.
9 (RLIN) 62587
245 14 - TITLE STATEMENT
Title The things which belong /
Statement of responsibility, etc. Constance Holme
260 ## - PUBLICATION, DISTRIBUTION, ETC. (IMPRINT)
Place of publication, distribution, etc. London :
Name of publisher, distributor, etc. H. Milford, Oxford university press,
Date of publication, distribution, etc. 1925 [Reprinted 1949].
300 ## - PHYSICAL DESCRIPTION
Pagination 3 p.l., 181, [1] p. ;
Size 16 cm.
650 #0 - SUBJECT ADDED ENTRY--TOPICAL TERM
Topical term or geographic name as entry element English fiction
9 (RLIN) 69023
942 ## - ADDED ENTRY ELEMENTS (KOHA)
Source of classification or shelving scheme Dewey Decimal Classification
Koha item type Books
Holdings
Lost status Source of classification or shelving scheme Damaged status Not for loan Collection code Permanent Location Current Location Shelving location Date acquired Source of acquisition Cost, normal purchase price Total Checkouts Full call number Date last seen Copy number Koha item type
  Dewey Decimal Classification   Added to bundle Fiction Central Library, University of Rajshahi Central Library, University of Rajshahi Reading Room 25/10/1954 O. U. P 2.13   823 HOT 1949 08/03/2014 C-1 Books